| 000 | 01007nam0a2200277 4500 | ||
|---|---|---|---|
| 001 | RU\NLR\ONL1\8671 | ||
| 005 | 20260607071746.0 | ||
| 035 | _a(NLR Aleph) 009637421 | ||
| 090 |
_a9531443 _c9531443 |
||
| 100 | _a20060525d1934 |||y0rusy50 ca | ||
| 101 | 0 | _audm | |
| 102 | _aRU | ||
| 105 | _ay ||||||||| | ||
| 200 | 1 |
_aГорд знамя _eЛюкам пьесаос |
|
| 210 |
_aИжкар _cУдгиз _d1934 |
||
| 215 |
_a77,[3] с. _d18 |
||
| 541 | 1 |
_aКрасное знамя _zrus |
|
| 686 | 1 | _aШ6(2=У)7-6 | |
| 700 | 1 |
_4070 _7ca _8rus _aГаврилов _bИ. Г. _cписатель _f1912-1973 _gИгнатий Гаврилович _9226142 _3RU\NLR\AUTH\770226198 |
|
| 701 | 1 |
_4070 _8rus _7ca _aКедров _bФ. Г. _f1909-1944 _gФилипп Григорьевич _cудмуртский писатель _3RU\NLR\auth-onl\77334 _9130390 |
|
| 801 | 0 |
_aRU _bNLR _c20060525 _gPSBO |
|
| 852 |
_aNLR _bОНЛ _jУдмур./2-295 |
||
| 942 | _cBOOK | ||
| 980 | _aNB | ||